00307nam a2200097Ia 4500008004100000020001800041100001900059245007900078260003800157300001400195180315s9999 xx 000 0 und d a9781591844983 aTichy, Noel M. aSuccession :bmastering the make-or-break process of leadership transition aUSA :b2014cPorfolio/Penguin Pub a425 pages